000 00241nam a2200109Ia 4500
008 190216s9999||||xx |||||||||||||| ||und||
100 _aSethunath
245 0 _aManasaputhri
260 _bVidyarthimithram
650 _aMalayalam
942 _cBK
999 _c26509
_d26509